{"text_format":"3","workbook":"xlsx","n_sheets":2,"sheets":["SUMMARY","ESTIMATE"],"not_rendered":{"images":1,"defined_names":3},"read":"whole","date_system":"1900"}

{"sheet":"SUMMARY","index":0,"n_rows":16,"n_cols":5,"rows_kept":16,"merged":[[0,4,0,5],[0,9,0,10],[0,11,0,15],[1,4,1,5],[1,6,1,10],[2,0,2,2],[2,4,2,5],[2,6,2,10],[3,0,3,2]]}
[]
[{"$nulls":4},"Project Name:"]
["www.biddingpartners.com",{"$nulls":3},"Address:"]
["+1 (347) 994-0941"]
[]
[null,"CSI DIV.","DESCRIPTION","TOTAL TRADE COST","REMARKS"]
[]
[null,"DIV.01","GENERAL CONDITIONS",{"$f":"ESTIMATE!P8","v":{"v":10000,"d":"$10,000.00"}}]
[null,{"$f":"ESTIMATE!D14","v":"DIV. 09"},{"$f":"ESTIMATE!E14","v":"FINISHES"},{"$f":"ESTIMATE!P14","v":{"v":74856.72043124998,"d":"$74,856.72"}}]
[{"$f":"IF(G10<>\"\",1+MAX($A$1:A8),\"\")","v":""}]
[null,null,"SUBTOTAL",{"$f":"SUM(D8:D10)","v":{"v":84856.72043124998,"d":"$84,856.72"}}]
[null,null,"OVERHEAD & PROFIT - 25%",{"$f":"0.25*D11","v":{"v":21214.180107812495,"d":"$21,214.18"}}]
[null,null,"TOTAL BID",{"$f":"SUM(D11:D12)","v":{"v":106070.90053906248,"d":"$106,070.90"}}]
[]
[{"$f":"IF(G26<>\"\",1+MAX($A$1:A14),\"\")","v":""},null,"EXCLUSIONS"]
[{"$f":"IF(G27<>\"\",1+MAX($A$1:A15),\"\")","v":""},null,"ALL ITEMS NOT MENTIONED ABOVE ARE EXCLUDED"]

{"sheet":"ESTIMATE","index":1,"n_rows":243,"n_cols":16,"rows_kept":243,"merged":[[0,9,0,10],[0,11,0,15],[1,9,1,10],[1,11,1,15],[2,0,2,3],[2,9,2,10],[2,11,2,15],[3,0,3,3],[240,0,240,3],[242,0,242,3]]}
[]
[{"$nulls":9},"Project Name:"]
["www.biddingpartners.com",{"$nulls":8},"Address:"]
[{"v":3479940941,"d":"+1 (347) 994-0941"}]
[]
["SR #","REFERENCE SHEET","DETAIL SHEET","CSI SECT","DESCRIPTION","QTY.","WASTAGE","QTY WITH\nWASTAGE","UNIT OF\nMEASURMENT","UNIT LABOR COST","TOTAL LABOR COST","UNIT MATERIAL COST","TOTAL MATERIAL COST","UNIT COST","TOTAL ITEM\nCOST","TOTAL TRADE\nCOST"]
[]
[{"$nulls":3},"DIV. 01","GENERAL REQUIREMENTS",{"$nulls":10},{"$f":"SUM(O10:O12)","v":{"v":10000,"d":"$10,000"}}]
[]
[{"$f":"IF(I10<>\"\",1+MAX($A$6:A9),\"\")","v":1},{"$nulls":3},"PERMITS & SITE SUPERVISION FEE",1,{"v":0,"d":"0%"},{"$f":"F10*(1+G10)","v":1},"LS",{"$nulls":4},{"v":5000,"d":"$5,000.0"},{"$f":"N10*H10","v":{"v":5000,"d":"$5,000"}}]
[{"$f":"IF(I11<>\"\",1+MAX($A$6:A10),\"\")","v":2},{"$nulls":3},"Allowances",1,{"v":0,"d":"0%"},{"$f":"F11*(1+G11)","v":1},"LS",{"$nulls":4},{"v":2000,"d":"$2,000.0"},{"$f":"N11*H11","v":{"v":2000,"d":"$2,000"}}]
[{"$f":"IF(I12<>\"\",1+MAX($A$6:A11),\"\")","v":3},{"$nulls":3},"Mobilization",1,{"v":0,"d":"0%"},1,"LS",{"$nulls":4},{"v":3000,"d":"$3,000.0"},{"v":3000,"d":"$3,000"}]
[{"$f":"IF(I13<>\"\",1+MAX($A$1:A12),\"\")","v":""}]
[{"$f":"IF(I14<>\"\",1+MAX($A$1:A13),\"\")","v":""},null,null,"DIV. 09","FINISHES",{"$nulls":10},{"$f":"SUM(O21:O240)","v":{"v":74856.72043124998,"d":"$74,857"}}]
[{"$f":"IF(I15<>\"\",1+MAX($A$1:A14),\"\")","v":""}]
[{"$f":"IF(I16<>\"\",1+MAX($A$1:A15),\"\")","v":""},{"$nulls":3},"BASEMENT FLOOR"]
[{"$f":"IF(I17<>\"\",1+MAX($A$1:A16),\"\")","v":""}]
[{"$f":"IF(I18<>\"\",1+MAX($A$1:A17),\"\")","v":""},{"$nulls":3},"DRYWALLS"]
[{"$f":"IF(I19<>\"\",1+MAX($A$1:A18),\"\")","v":""}]
[{"$f":"IF(I20<>\"\",1+MAX($A$1:A19),\"\")","v":""},{"$nulls":3},"FURRING WALLS - (2\"X6\")",{"v":102.73,"d":"103"},9]
[{"$f":"IF(I21<>\"\",1+MAX($A$1:A20),\"\")","v":""}]
[{"$f":"IF(I22<>\"\",1+MAX($A$6:A21),\"\")","v":4},"A2.1A","A2.1A, A8.2, A5.0",null,"5/8\" Type X Gypsum Wall Board - (4'X8' ea.) - One Side",{"$f":"F20*G20/32","v":{"v":28.8928125,"d":"29"}},{"v":0,"d":"0%"},{"$f":"F22*(1+G22)","v":{"v":28.8928125,"d":"29"}},"EA",{"v":62,"d":"$62.0"},{"$f":"J22*H22","v":{"v":1791.3543750000001,"d":"$1,791.35"}},{"v":14,"d":"$14.00"},{"$f":"L22*H22","v":{"v":404.49937500000004,"d":"$404.50"}},{"v":76,"d":"$76.0"},{"$f":"N22*H22","v":{"v":2195.85375,"d":"$2,196"}}]
[{"$f":"IF(I23<>\"\",1+MAX($A$6:A22),\"\")","v":5},"A2.1A","A2.1A, A8.2, A5.0",null,"Acoustic Sealant",{"$f":"F20*2","v":{"v":205.46,"d":"205"}},{"v":0.1,"d":"10%"},{"v":226.00600000000003,"d":"226"},"LF",{"v":3.35,"d":"$3.4"},{"v":757.1201000000001,"d":"$757.12"},{"v":1.6500000000000001,"d":"$1.65"},{"v":372.90990000000005,"d":"$372.91"},{"v":5,"d":"$5.0"},{"v":1130.0300000000002,"d":"$1,130"}]
[{"$f":"IF(I24<>\"\",1+MAX($A$6:A23),\"\")","v":""}]
[{"$f":"IF(I25<>\"\",1+MAX($A$6:A24),\"\")","v":""},{"$nulls":3},"FURRING WALLS - (2\"X6\") - ONE SIDE MOISTURE RESISTANT",{"v":16.07,"d":"16"},9]
[{"$f":"IF(I26<>\"\",1+MAX($A$6:A25),\"\")","v":""}]
[{"$f":"IF(I27<>\"\",1+MAX($A$6:A26),\"\")","v":6},"A2.1A","A2.1A, A8.2, A5.0",null,"5/8\" Cement Board Or Tile Backer Board - (4'X8' ea.) - One Side",{"$f":"F25*G25/32","v":{"v":4.5196875,"d":"5"}},{"v":0,"d":"0%"},{"$f":"F27*(1+G27)","v":{"v":4.5196875,"d":"5"}},"EA",{"v":70,"d":"$70.0"},{"$f":"J27*H27","v":{"v":316.378125,"d":"$316.38"}},{"v":20,"d":"$20.00"},{"$f":"L27*H27","v":{"v":90.39375,"d":"$90.39"}},{"v":90,"d":"$90.0"},{"$f":"N27*H27","v":{"v":406.77187499999997,"d":"$407"}}]
[{"$f":"IF(I28<>\"\",1+MAX($A$6:A27),\"\")","v":7},"A2.1A","A2.1A, A8.2, A5.0",null,"Acoustic Sealant",{"$f":"F25*2","v":{"v":32.14,"d":"32"}},{"v":0.1,"d":"10%"},{"v":35.354000000000006,"d":"35"},"LF",{"v":3.35,"d":"$3.4"},{"v":118.43590000000002,"d":"$118.44"},{"v":1.6500000000000001,"d":"$1.65"},{"v":58.334100000000014,"d":"$58.33"},{"v":5,"d":"$5.0"},{"v":176.77000000000004,"d":"$177"}]
[{"$f":"IF(I29<>\"\",1+MAX($A$6:A28),\"\")","v":""}]
[{"$f":"IF(I30<>\"\",1+MAX($A$6:A29),\"\")","v":""},{"$nulls":3},"FURRING WALLS - (2\"X10\")",{"v":24.6,"d":"25"},9]
[{"$f":"IF(I31<>\"\",1+MAX($A$6:A30),\"\")","v":""}]
[{"$f":"IF(I32<>\"\",1+MAX($A$6:A31),\"\")","v":8},"A2.1A","A2.1A, A8.2, A5.0",null,"5/8\" Type X Gypsum Wall Board - (4'X8' ea.) - One Side",{"$f":"F30*G30/32","v":{"v":6.91875,"d":"7"}},{"v":0,"d":"0%"},{"$f":"F32*(1+G32)","v":{"v":6.91875,"d":"7"}},"EA",{"v":62,"d":"$62.0"},{"$f":"J32*H32","v":{"v":428.96250000000003,"d":"$428.96"}},{"v":14,"d":"$14.00"},{"$f":"L32*H32","v":{"v":96.8625,"d":"$96.86"}},{"v":76,"d":"$76.0"},{"$f":"N32*H32","v":{"v":525.825,"d":"$526"}}]
[{"$f":"IF(I33<>\"\",1+MAX($A$6:A32),\"\")","v":9},"A2.1A","A2.1A, A8.2, A5.0",null,"Acoustic Sealant",{"$f":"F30*2","v":{"v":49.2,"d":"49"}},{"v":0.1,"d":"10%"},{"v":54.120000000000005,"d":"54"},"LF",{"v":3.35,"d":"$3.4"},{"$f":"J33*H33","v":{"v":181.30200000000002,"d":"$181.30"}},{"v":1.6500000000000001,"d":"$1.65"},{"$f":"L33*H33","v":{"v":89.29800000000002,"d":"$89.30"}},{"v":5,"d":"$5.0"},{"v":270.6,"d":"$271"}]
[{"$f":"IF(I34<>\"\",1+MAX($A$6:A33),\"\")","v":""}]
[{"$f":"IF(I35<>\"\",1+MAX($A$6:A34),\"\")","v":""},{"$nulls":3},"INTERIOR WALLS - (2\"X4\")",{"v":88.93,"d":"89"},9]
[{"$f":"IF(I36<>\"\",1+MAX($A$6:A35),\"\")","v":""}]
[{"$f":"IF(I37<>\"\",1+MAX($A$6:A36),\"\")","v":10},"A2.1A","A2.1A, A8.2, A5.0",null,"5/8\" Type X Gypsum Wall Board - (4'X8' ea.) - Both Side",{"$f":"F35*G35*2/32","v":{"v":50.02312500000001,"d":"50"}},{"v":0,"d":"0%"},{"$f":"F37*(1+G37)","v":{"v":50.02312500000001,"d":"50"}},"EA",{"v":62,"d":"$62.0"},{"$f":"J37*H37","v":{"v":3101.4337500000006,"d":"$3,101.43"}},{"v":14,"d":"$14.00"},{"$f":"L37*H37","v":{"v":700.3237500000001,"d":"$700.32"}},{"v":76,"d":"$76.0"},{"$f":"N37*H37","v":{"v":3801.7575000000006,"d":"$3,802"}}]
[{"$f":"IF(I38<>\"\",1+MAX($A$6:A37),\"\")","v":11},"A2.1A","A2.1A, A8.2, A5.0",null,"Acoustic Sealant",{"$f":"F35*4","v":{"v":355.72,"d":"356"}},{"v":0.1,"d":"10%"},{"$f":"F38*(1+G38)","v":{"v":391.2920000000001,"d":"391"}},"LF",{"v":3.35,"d":"$3.4"},{"v":1310.8282000000004,"d":"$1,310.83"},{"v":1.6500000000000001,"d":"$1.65"},{"v":645.6318000000002,"d":"$645.63"},{"v":5,"d":"$5.0"},{"v":1956.4600000000005,"d":"$1,956"}]
[{"$f":"IF(I39<>\"\",1+MAX($A$6:A38),\"\")","v":""}]
[{"$f":"IF(I40<>\"\",1+MAX($A$6:A39),\"\")","v":""},{"$nulls":3},"INTERIOR WALLS - (2\"X4\") - ONE SIDE WEATHER RESISTANT",{"v":41.41,"d":"41"},9]
[{"$f":"IF(I41<>\"\",1+MAX($A$6:A40),\"\")","v":""}]
[{"$f":"IF(I42<>\"\",1+MAX($A$6:A41),\"\")","v":12},"A2.1A","A2.1A, A8.2, A5.0",null,"5/8\" Type X Gypsum Wall Board - (4'X8' ea.) - One Side",{"$f":"F40*G40/32","v":{"v":11.646562499999998,"d":"12"}},{"v":0,"d":"0%"},{"$f":"F42*(1+G42)","v":{"v":11.646562499999998,"d":"12"}},"EA",{"v":62,"d":"$62.0"},{"$f":"J42*H42","v":{"v":722.0868749999998,"d":"$722.09"}},{"v":14,"d":"$14.00"},{"$f":"L42*H42","v":{"v":163.05187499999997,"d":"$163.05"}},{"v":76,"d":"$76.0"},{"$f":"N42*H42","v":{"v":885.1387499999998,"d":"$885"}}]
[{"$f":"IF(I43<>\"\",1+MAX($A$6:A42),\"\")","v":13},"A2.1A","A2.1A, A8.2, A5.0",null,"5/8\" Cement Board Or Tile Backer Board - (4'X8' ea.) - One Side",{"$f":"F40*G40/32","v":{"v":11.646562499999998,"d":"12"}},{"v":0,"d":"0%"},{"$f":"F43*(1+G43)","v":{"v":11.646562499999998,"d":"12"}},"EA",{"v":70,"d":"$70.0"},{"v":815.2593749999999,"d":"$815.26"},{"v":20,"d":"$20.00"},{"v":232.93124999999998,"d":"$232.93"},{"v":90,"d":"$90.0"},{"v":1048.1906249999997,"d":"$1,048"}]
[{"$f":"IF(I44<>\"\",1+MAX($A$6:A43),\"\")","v":14},"A2.1A","A2.1A, A8.2, A5.0",null,"Acoustic Sealant",{"$f":"F40*4","v":{"v":165.64,"d":"166"}},{"v":0.1,"d":"10%"},{"$f":"F44*(1+G44)","v":{"v":182.204,"d":"182"}},"LF",{"v":3.35,"d":"$3.4"},{"v":610.3834,"d":"$610.38"},{"v":1.6500000000000001,"d":"$1.65"},{"v":300.63660000000004,"d":"$300.64"},{"v":5,"d":"$5.0"},{"v":911.02,"d":"$911"}]
[{"$f":"IF(I45<>\"\",1+MAX($A$6:A44),\"\")","v":""}]
[{"$f":"IF(I46<>\"\",1+MAX($A$6:A45),\"\")","v":""},{"$nulls":3},"INTERIOR WALLS - (2\"X4\") - BOTH SIDE WEATHER RESISTANT",{"v":3.45,"d":"3"},9]
[{"$f":"IF(I47<>\"\",1+MAX($A$6:A46),\"\")","v":""}]
[{"$f":"IF(I48<>\"\",1+MAX($A$6:A47),\"\")","v":15},"A2.1A","A2.1A, A8.2, A5.0",null,"5/8\" Cement Board Or Tile Backer Board - (4'X8' ea.) - Both Side",{"$f":"F46*G46*2/32","v":{"v":1.940625,"d":"2"}},{"v":0,"d":"0%"},{"$f":"F48*(1+G48)","v":{"v":1.940625,"d":"2"}},"EA",{"v":70,"d":"$70.0"},{"$f":"J48*H48","v":{"v":135.84375,"d":"$135.84"}},{"v":20,"d":"$20.00"},{"$f":"L48*H48","v":{"v":38.8125,"d":"$38.81"}},{"v":90,"d":"$90.0"},{"$f":"N48*H48","v":{"v":174.65625,"d":"$175"}}]
[{"$f":"IF(I49<>\"\",1+MAX($A$6:A48),\"\")","v":16},"A2.1A","A2.1A, A8.2, A5.0",null,"Acoustic Sealant",{"$f":"F46*4","v":{"v":13.8,"d":"14"}},{"v":0.1,"d":"10%"},{"$f":"F49*(1+G49)","v":{"v":15.180000000000001,"d":"15"}},"LF",{"v":3.35,"d":"$3.4"},{"v":50.85300000000001,"d":"$50.85"},{"v":1.6500000000000001,"d":"$1.65"},{"v":25.047000000000004,"d":"$25.05"},{"v":5,"d":"$5.0"},{"v":75.9,"d":"$76"}]
[{"$f":"IF(I50<>\"\",1+MAX($A$6:A49),\"\")","v":""}]
[{"$f":"IF(I51<>\"\",1+MAX($A$6:A50),\"\")","v":""},{"$nulls":3},"INTERIOR WALLS - (2\"X6\")",{"v":24.62,"d":"25"},9]
[{"$f":"IF(I52<>\"\",1+MAX($A$6:A51),\"\")","v":""}]
[{"$f":"IF(I53<>\"\",1+MAX($A$6:A52),\"\")","v":17},"A2.1A","A2.1A, A8.2, A5.0",null,"5/8\" Type X Gypsum Wall Board - (4'X8' ea.) - Both Side",{"$f":"F51*G51*2/32","v":{"v":13.84875,"d":"14"}},{"v":0,"d":"0%"},{"$f":"F53*(1+G53)","v":{"v":13.84875,"d":"14"}},"EA",{"v":62,"d":"$62.0"},{"$f":"J53*H53","v":{"v":858.6225000000001,"d":"$858.62"}},{"v":14,"d":"$14.00"},{"$f":"L53*H53","v":{"v":193.88250000000002,"d":"$193.88"}},{"v":76,"d":"$76.0"},{"$f":"N53*H53","v":{"v":1052.505,"d":"$1,053"}}]
[{"$f":"IF(I54<>\"\",1+MAX($A$6:A53),\"\")","v":18},"A2.1A","A2.1A, A8.2, A5.0",null,"Acoustic Sealant",{"$f":"F51*4","v":{"v":98.48,"d":"98"}},{"v":0.1,"d":"10%"},{"$f":"F54*(1+G54)","v":{"v":108.32800000000002,"d":"108"}},"LF",{"v":3.35,"d":"$3.4"},{"v":362.89880000000005,"d":"$362.90"},{"v":1.6500000000000001,"d":"$1.65"},{"v":178.74120000000005,"d":"$178.74"},{"v":5,"d":"$5.0"},{"v":541.6400000000001,"d":"$542"}]
[{"$f":"IF(I55<>\"\",1+MAX($A$6:A54),\"\")","v":""}]
[{"$f":"IF(I56<>\"\",1+MAX($A$6:A55),\"\")","v":""},{"$nulls":3},"CEILING"]
[{"$f":"IF(I57<>\"\",1+MAX($A$6:A56),\"\")","v":19},"A2.3A","A2.3A",null,"5/8\" Moisture Resistant Type \"X\" Gypsum Board Ceiling",{"$f":"147.98/32","v":{"v":4.624375,"d":"5"}},{"v":0,"d":"0%"},{"$f":"F57*(1+G57)","v":{"v":4.624375,"d":"5"}},"EA",{"v":62,"d":"$62.0"},{"$f":"J57*H57","v":{"v":286.71125,"d":"$286.71"}},{"v":16,"d":"$16.00"},{"$f":"L57*H57","v":{"v":73.99,"d":"$73.99"}},{"v":78,"d":"$78.0"},{"$f":"N57*H57","v":{"v":360.70124999999996,"d":"$361"}}]
[{"$f":"IF(I58<>\"\",1+MAX($A$6:A57),\"\")","v":20},"A2.3A","A2.3A",null,"5/8\" Type \"X\" Gypsum Board Ceiling",{"$f":"1059.06/32","v":{"v":33.095625,"d":"33"}},{"v":0,"d":"0%"},{"$f":"F58*(1+G58)","v":{"v":33.095625,"d":"33"}},"EA",{"v":62,"d":"$62.0"},{"$f":"J58*H58","v":{"v":2051.92875,"d":"$2,051.93"}},{"v":14,"d":"$14.00"},{"$f":"L58*H58","v":{"v":463.33875,"d":"$463.34"}},{"v":76,"d":"$76.0"},{"v":2515.2675,"d":"$2,515"}]
[{"$f":"IF(I59<>\"\",1+MAX($A$6:A58),\"\")","v":21},"A2.3A","A2.3A",null,"5/8\" Type \"X\" Gypsum Board Ceiling @ Underside Of Stairs",{"$f":"50.48/32","v":{"v":1.5775,"d":"2"}},{"v":0,"d":"0%"},{"$f":"F59*(1+G59)","v":{"v":1.5775,"d":"2"}},"EA",{"v":62,"d":"$62.0"},{"$f":"J59*H59","v":{"v":97.80499999999999,"d":"$97.81"}},{"v":14,"d":"$14.00"},{"$f":"L59*H59","v":{"v":22.084999999999997,"d":"$22.09"}},{"v":76,"d":"$76.0"},{"v":119.88999999999999,"d":"$120"}]
[{"$f":"IF(I60<>\"\",1+MAX($A$6:A59),\"\")","v":""}]
[{"$f":"IF(I61<>\"\",1+MAX($A$6:A60),\"\")","v":""},{"$nulls":3},"CEILING SOFFITS"]
[{"$f":"IF(I62<>\"\",1+MAX($A$6:A61),\"\")","v":22},"A2.3A","A2.3A",null,"5/8\" Type \"X\" Gypsum Board Ceiling Soffit - (4\" H)",{"$f":"43.44*0.33/32","v":{"v":0.447975,"d":"0.4"}},{"v":0,"d":"0%"},{"$f":"F62*(1+G62)","v":{"v":0.447975,"d":"0.4"}},"EA",{"v":62,"d":"$62.0"},{"$f":"J62*H62","v":{"v":27.77445,"d":"$27.77"}},{"v":14,"d":"$14.00"},{"$f":"L62*H62","v":{"v":6.27165,"d":"$6.27"}},{"v":76,"d":"$76.0"},{"$f":"N62*H62","v":{"v":34.0461,"d":"$34"}}]
[{"$f":"IF(I63<>\"\",1+MAX($A$6:A62),\"\")","v":23},"A2.3A","A2.3A",null,"5/8\" Type \"X\" Gypsum Board Ceiling Soffit - (6\" H)",{"$f":"76.07*0.5/32","v":{"v":1.18859375,"d":"1"}},{"v":0,"d":"0%"},{"$f":"F63*(1+G63)","v":{"v":1.18859375,"d":"1.2"}},"EA",{"v":62,"d":"$62.0"},{"$f":"J63*H63","v":{"v":73.69281249999999,"d":"$73.69"}},{"v":14,"d":"$14.00"},{"$f":"L63*H63","v":{"v":16.6403125,"d":"$16.64"}},{"v":76,"d":"$76.0"},{"v":90.333125,"d":"$90"}]
[{"$f":"IF(I64<>\"\",1+MAX($A$6:A63),\"\")","v":""}]
[{"$f":"IF(I65<>\"\",1+MAX($A$6:A64),\"\")","v":""},{"$nulls":3},"GROUND FLOOR"]
[{"$f":"IF(I66<>\"\",1+MAX($A$6:A65),\"\")","v":""}]
[{"$f":"IF(I67<>\"\",1+MAX($A$6:A66),\"\")","v":""},{"$nulls":3},"DRYWALLS"]
[{"$f":"IF(I68<>\"\",1+MAX($A$6:A67),\"\")","v":""}]
[{"$f":"IF(I69<>\"\",1+MAX($A$6:A68),\"\")","v":""},{"$nulls":3},"EXTERIOR WALLS - (2\"X4\")",{"v":7.19,"d":"7"},{"v":9.25,"d":"9"}]
[{"$f":"IF(I70<>\"\",1+MAX($A$6:A69),\"\")","v":""}]
[{"$f":"IF(I71<>\"\",1+MAX($A$6:A70),\"\")","v":24},"A2.1B","A2.1B, A8.2, A5.0",null,"5/8\" Type X Gypsum Wall Board - (4'X8' ea.) - One Side",{"$f":"F69*G69/32","v":{"v":2.0783593750000002,"d":"2"}},{"v":0,"d":"0%"},{"$f":"F71*(1+G71)","v":{"v":2.0783593750000002,"d":"2"}},"EA",{"v":62,"d":"$62.0"},{"$f":"J71*H71","v":{"v":128.85828125,"d":"$128.86"}},{"v":14,"d":"$14.00"},{"$f":"L71*H71","v":{"v":29.097031250000004,"d":"$29.10"}},{"v":76,"d":"$76.0"},{"$f":"N71*H71","v":{"v":157.95531250000002,"d":"$158"}}]
[{"$f":"IF(I72<>\"\",1+MAX($A$6:A71),\"\")","v":25},"A2.1B","A2.1B, A8.2, A5.0",null,"Acoustic Sealant",{"$f":"F69*2","v":{"v":14.38,"d":"14"}},{"v":0.1,"d":"10%"},{"v":15.818000000000001,"d":"16"},"LF",{"v":3.35,"d":"$3.4"},{"v":52.990300000000005,"d":"$52.99"},{"v":1.6500000000000001,"d":"$1.65"},{"v":26.099700000000006,"d":"$26.10"},{"v":5,"d":"$5.0"},{"v":79.09,"d":"$79"}]
[{"$f":"IF(I73<>\"\",1+MAX($A$6:A72),\"\")","v":""}]
[{"$f":"IF(I74<>\"\",1+MAX($A$6:A73),\"\")","v":""},{"$nulls":3},"EXTERIOR WALLS - (2\"X4\")",{"v":55.26,"d":"55"},{"v":11.5,"d":"12"}]
[{"$f":"IF(I75<>\"\",1+MAX($A$6:A74),\"\")","v":""}]
[{"$f":"IF(I76<>\"\",1+MAX($A$6:A75),\"\")","v":26},"A2.1B","A2.1B, A8.2, A5.0",null,"5/8\" Type X Gypsum Wall Board - (4'X8' ea.) - One Side",{"$f":"F74*G74/32","v":{"v":19.8590625,"d":"20"}},{"v":0,"d":"0%"},{"$f":"F76*(1+G76)","v":{"v":19.8590625,"d":"20"}},"EA",{"v":62,"d":"$62.0"},{"$f":"J76*H76","v":{"v":1231.261875,"d":"$1,231.26"}},{"v":14,"d":"$14.00"},{"$f":"L76*H76","v":{"v":278.026875,"d":"$278.03"}},{"v":76,"d":"$76.0"},{"$f":"N76*H76","v":{"v":1509.28875,"d":"$1,509"}}]
[{"$f":"IF(I77<>\"\",1+MAX($A$6:A76),\"\")","v":27},"A2.1B","A2.1B, A8.2, A5.0",null,"Acoustic Sealant",{"$f":"F74*2","v":{"v":110.52,"d":"111"}},{"v":0.1,"d":"10%"},{"v":121.572,"d":"122"},"LF",{"v":3.35,"d":"$3.4"},{"v":407.2662,"d":"$407.27"},{"v":1.6500000000000001,"d":"$1.65"},{"v":200.59380000000002,"d":"$200.59"},{"v":5,"d":"$5.0"},{"v":607.86,"d":"$608"}]
[{"$f":"IF(I78<>\"\",1+MAX($A$6:A77),\"\")","v":""}]
[{"$f":"IF(I79<>\"\",1+MAX($A$6:A78),\"\")","v":""},{"$nulls":3},"EXTERIOR WALLS - (2\"X6\")",{"v":153.94,"d":"154"},{"v":9.25,"d":"9"}]
[{"$f":"IF(I80<>\"\",1+MAX($A$6:A79),\"\")","v":""}]
[{"$f":"IF(I81<>\"\",1+MAX($A$6:A80),\"\")","v":28},"A2.1B","A2.1B, A8.2, A5.0",null,"5/8\" Type X Gypsum Wall Board - (4'X8' ea.) - One Side",{"$f":"F79*G79/32","v":{"v":44.49828125,"d":"44"}},{"v":0,"d":"0%"},{"$f":"F81*(1+G81)","v":{"v":44.49828125,"d":"44"}},"EA",{"v":62,"d":"$62.0"},{"$f":"J81*H81","v":{"v":2758.8934375,"d":"$2,758.89"}},{"v":14,"d":"$14.00"},{"$f":"L81*H81","v":{"v":622.9759375,"d":"$622.98"}},{"v":76,"d":"$76.0"},{"$f":"N81*H81","v":{"v":3381.8693749999998,"d":"$3,382"}}]
[{"$f":"IF(I82<>\"\",1+MAX($A$6:A81),\"\")","v":29},"A2.1B","A2.1B, A8.2, A5.0",null,"Acoustic Sealant",{"$f":"F79*2","v":{"v":307.88,"d":"308"}},{"v":0.1,"d":"10%"},{"v":338.668,"d":"339"},"LF",{"v":3.35,"d":"$3.4"},{"v":1134.5378,"d":"$1,134.54"},{"v":1.6500000000000001,"d":"$1.65"},{"v":558.8022000000001,"d":"$558.80"},{"v":5,"d":"$5.0"},{"v":1693.3400000000001,"d":"$1,693"}]
[{"$f":"IF(I83<>\"\",1+MAX($A$6:A82),\"\")","v":""}]
[{"$f":"IF(I84<>\"\",1+MAX($A$6:A83),\"\")","v":""},{"$nulls":3},"EXTERIOR WALLS - (2\"X6\") - ONE SIDE MOISTURE RESISTANT",{"v":6.12,"d":"6"},{"v":9.25,"d":"9"}]
[{"$f":"IF(I85<>\"\",1+MAX($A$6:A84),\"\")","v":""}]
[{"$f":"IF(I86<>\"\",1+MAX($A$6:A85),\"\")","v":30},"A2.1B","A2.1B, A8.2, A5.0",null,"5/8\" Cement Board Or Tile Backer Board - (4'X8' ea.) - One Side",{"$f":"F84*G84/32","v":{"v":1.7690625,"d":"2"}},{"v":0,"d":"0%"},{"$f":"F86*(1+G86)","v":{"v":1.7690625,"d":"2"}},"EA",{"v":70,"d":"$70.0"},{"$f":"J86*H86","v":{"v":123.834375,"d":"$123.83"}},{"v":20,"d":"$20.00"},{"$f":"L86*H86","v":{"v":35.38125,"d":"$35.38"}},{"v":90,"d":"$90.0"},{"$f":"N86*H86","v":{"v":159.215625,"d":"$159"}}]
[{"$f":"IF(I87<>\"\",1+MAX($A$6:A86),\"\")","v":31},"A2.1B","A2.1B, A8.2, A5.0",null,"Acoustic Sealant",{"$f":"F84*2","v":{"v":12.24,"d":"12"}},{"v":0.1,"d":"10%"},{"v":13.464000000000002,"d":"13"},"LF",{"v":3.35,"d":"$3.4"},{"v":45.104400000000005,"d":"$45.10"},{"v":1.6500000000000001,"d":"$1.65"},{"v":22.215600000000006,"d":"$22.22"},{"v":5,"d":"$5.0"},{"v":67.32000000000001,"d":"$67"}]
[{"$f":"IF(I88<>\"\",1+MAX($A$6:A87),\"\")","v":""}]
[{"$f":"IF(I89<>\"\",1+MAX($A$6:A88),\"\")","v":""},{"$nulls":3},"EXTERIOR WALLS - (2\"X6\")",{"v":30.5,"d":"31"},{"v":11.5,"d":"12"}]
[{"$f":"IF(I90<>\"\",1+MAX($A$6:A89),\"\")","v":""}]
[{"$f":"IF(I91<>\"\",1+MAX($A$6:A90),\"\")","v":32},"A2.1B","A2.1B, A8.2, A5.0",null,"5/8\" Type X Gypsum Wall Board - (4'X8' ea.)",{"$f":"F89*G89/32","v":{"v":10.9609375,"d":"11"}},{"v":0,"d":"0%"},{"$f":"F91*(1+G91)","v":{"v":10.9609375,"d":"11"}},"EA",{"v":62,"d":"$62.0"},{"$f":"J91*H91","v":{"v":679.578125,"d":"$679.58"}},{"v":14,"d":"$14.00"},{"$f":"L91*H91","v":{"v":153.453125,"d":"$153.45"}},{"v":76,"d":"$76.0"},{"$f":"N91*H91","v":{"v":833.03125,"d":"$833"}}]
[{"$f":"IF(I92<>\"\",1+MAX($A$6:A91),\"\")","v":33},"A2.1B","A2.1B, A8.2, A5.0",null,"Acoustic Sealant",{"$f":"F89*2","v":61},{"v":0.1,"d":"10%"},{"v":67.10000000000001,"d":"67"},"LF",{"v":3.35,"d":"$3.4"},{"v":224.78500000000003,"d":"$224.79"},{"v":1.6500000000000001,"d":"$1.65"},{"v":110.71500000000002,"d":"$110.72"},{"v":5,"d":"$5.0"},{"v":335.50000000000006,"d":"$336"}]
[{"$f":"IF(I93<>\"\",1+MAX($A$6:A92),\"\")","v":""}]
[{"$f":"IF(I94<>\"\",1+MAX($A$6:A93),\"\")","v":""},{"$nulls":3},"INTERIOR WALLS - (2\"X6\") - DOUBLE STUD WALL",{"v":13.1,"d":"13"},{"v":9.25,"d":"9"}]
[{"$f":"IF(I95<>\"\",1+MAX($A$6:A94),\"\")","v":""}]
[{"$f":"IF(I96<>\"\",1+MAX($A$6:A95),\"\")","v":34},"A2.1B","A2.1B, A8.2, A5.0",null,"5/8\" Type X Gypsum Wall Board - (4'X8' ea.) - Both Sides",{"$f":"F94*G94*2/32","v":{"v":7.5734375,"d":"8"}},{"v":0,"d":"0%"},{"$f":"F96*(1+G96)","v":{"v":7.5734375,"d":"8"}},"EA",{"v":62,"d":"$62.0"},{"$f":"J96*H96","v":{"v":469.55312499999997,"d":"$469.55"}},{"v":14,"d":"$14.00"},{"$f":"L96*H96","v":{"v":106.028125,"d":"$106.03"}},{"v":76,"d":"$76.0"},{"$f":"N96*H96","v":{"v":575.58125,"d":"$576"}}]
[{"$f":"IF(I97<>\"\",1+MAX($A$6:A96),\"\")","v":35},"A2.1B","A2.1B, A8.2, A5.0",null,"Acoustic Sealant",{"$f":"F94*2","v":{"v":26.2,"d":"26"}},{"v":0.1,"d":"10%"},{"v":28.82,"d":"29"},"LF",{"v":3.35,"d":"$3.4"},{"v":96.547,"d":"$96.55"},{"v":1.6500000000000001,"d":"$1.65"},{"v":47.553000000000004,"d":"$47.55"},{"v":5,"d":"$5.0"},{"v":144.1,"d":"$144"}]
[{"$f":"IF(I98<>\"\",1+MAX($A$6:A97),\"\")","v":""}]
[{"$f":"IF(I99<>\"\",1+MAX($A$6:A98),\"\")","v":""},{"$nulls":3},"INTERIOR WALLS - (2\"X4\")",{"v":30.05,"d":"30"},{"v":9.25,"d":"9"}]
[{"$f":"IF(I100<>\"\",1+MAX($A$6:A99),\"\")","v":""}]
[{"$f":"IF(I101<>\"\",1+MAX($A$6:A100),\"\")","v":36},"A2.1B","A2.1B, A8.2, A5.0",null,"5/8\" Type X Gypsum Wall Board - (4'X8' ea.) - Both Side",{"$f":"F99*G99*2/32","v":{"v":17.372656250000002,"d":"17"}},{"v":0,"d":"0%"},{"$f":"F101*(1+G101)","v":{"v":17.372656250000002,"d":"17"}},"EA",{"v":62,"d":"$62.0"},{"$f":"J101*H101","v":{"v":1077.1046875000002,"d":"$1,077.10"}},{"v":14,"d":"$14.00"},{"$f":"L101*H101","v":{"v":243.21718750000002,"d":"$243.22"}},{"v":76,"d":"$76.0"},{"$f":"N101*H101","v":{"v":1320.321875,"d":"$1,320"}}]
[{"$f":"IF(I102<>\"\",1+MAX($A$6:A101),\"\")","v":37},"A2.1B","A2.1B, A8.2, A5.0",null,"Acoustic Sealant",{"$f":"F99*2","v":{"v":60.1,"d":"60"}},{"v":0.1,"d":"10%"},{"$f":"F102*(1+G102)","v":{"v":66.11000000000001,"d":"66"}},"LF",{"v":3.35,"d":"$3.4"},{"v":221.46850000000006,"d":"$221.47"},{"v":1.6500000000000001,"d":"$1.65"},{"v":109.08150000000003,"d":"$109.08"},{"v":5,"d":"$5.0"},{"v":330.55000000000007,"d":"$331"}]
[{"$f":"IF(I103<>\"\",1+MAX($A$6:A102),\"\")","v":""}]
[{"$f":"IF(I104<>\"\",1+MAX($A$6:A103),\"\")","v":""},{"$nulls":3},"INTERIOR WALLS - (2\"X4\") - ONE SIDE WEATHER RESISTANT",{"v":34.42,"d":"34"},{"v":9.25,"d":"9"}]
[{"$f":"IF(I105<>\"\",1+MAX($A$6:A104),\"\")","v":""}]
[{"$f":"IF(I106<>\"\",1+MAX($A$6:A105),\"\")","v":38},"A2.1B","A2.1B, A8.2, A5.0",null,"5/8\" Type X Gypsum Wall Board - (4'X8' ea.) - One Side",{"$f":"F104*G104/32","v":{"v":9.94953125,"d":"10"}},{"v":0,"d":"0%"},{"$f":"F106*(1+G106)","v":{"v":9.94953125,"d":"10"}},"EA",{"v":62,"d":"$62.0"},{"$f":"J106*H106","v":{"v":616.8709375,"d":"$616.87"}},{"v":14,"d":"$14.00"},{"$f":"L106*H106","v":{"v":139.29343749999998,"d":"$139.29"}},{"v":76,"d":"$76.0"},{"$f":"N106*H106","v":{"v":756.164375,"d":"$756"}}]
[{"$f":"IF(I107<>\"\",1+MAX($A$6:A106),\"\")","v":39},"A2.1B","A2.1B, A8.2, A5.0",null,"5/8\" Cement Board Or Tile Backer Board - (4'X8' ea.) - One Side",{"$f":"F104*G104/32","v":{"v":9.94953125,"d":"10"}},{"v":0,"d":"0%"},{"$f":"F107*(1+G107)","v":{"v":9.94953125,"d":"10"}},"EA",{"v":70,"d":"$70.0"},{"v":696.4671875,"d":"$696.47"},{"v":20,"d":"$20.00"},{"v":198.990625,"d":"$198.99"},{"v":90,"d":"$90.0"},{"v":895.4578124999999,"d":"$895"}]
[{"$f":"IF(I108<>\"\",1+MAX($A$6:A107),\"\")","v":40},"A2.1B","A2.1B, A8.2, A5.0",null,"Acoustic Sealant",{"$f":"F104*4","v":{"v":137.68,"d":"138"}},{"v":0.1,"d":"10%"},{"$f":"F108*(1+G108)","v":{"v":151.448,"d":"151"}},"LF",{"v":3.35,"d":"$3.4"},{"v":507.35080000000005,"d":"$507.35"},{"v":1.6500000000000001,"d":"$1.65"},{"v":249.88920000000005,"d":"$249.89"},{"v":5,"d":"$5.0"},{"v":757.24,"d":"$757"}]
[{"$f":"IF(I109<>\"\",1+MAX($A$6:A108),\"\")","v":""}]
[{"$f":"IF(I110<>\"\",1+MAX($A$6:A109),\"\")","v":""},{"$nulls":3},"INTERIOR WALLS - (2\"X4\") - ONE SIDE WEATHER RESISTANT",{"v":30.86,"d":"31"},{"v":11.5,"d":"12"}]
[{"$f":"IF(I111<>\"\",1+MAX($A$6:A110),\"\")","v":""}]
[{"$f":"IF(I112<>\"\",1+MAX($A$6:A111),\"\")","v":41},"A2.1B","A2.1B, A8.2, A5.0",null,"5/8\" Type X Gypsum Wall Board - (4'X8' ea.) - One Side",{"$f":"F110*G110/32","v":{"v":11.0903125,"d":"11"}},{"v":0,"d":"0%"},{"$f":"F112*(1+G112)","v":{"v":11.0903125,"d":"11"}},"EA",{"v":62,"d":"$62.0"},{"$f":"J112*H112","v":{"v":687.599375,"d":"$687.60"}},{"v":14,"d":"$14.00"},{"$f":"L112*H112","v":{"v":155.264375,"d":"$155.26"}},{"v":76,"d":"$76.0"},{"$f":"N112*H112","v":{"v":842.86375,"d":"$843"}}]
[{"$f":"IF(I113<>\"\",1+MAX($A$6:A112),\"\")","v":42},"A2.1B","A2.1B, A8.2, A5.0",null,"5/8\" Cement Board Or Tile Backer Board - (4'X8' ea.) - One Side",{"$f":"F110*G110/32","v":{"v":11.0903125,"d":"11"}},{"v":0,"d":"0%"},{"$f":"F113*(1+G113)","v":{"v":11.0903125,"d":"11"}},"EA",{"v":70,"d":"$70.0"},{"v":776.321875,"d":"$776.32"},{"v":20,"d":"$20.00"},{"v":221.80624999999998,"d":"$221.81"},{"v":90,"d":"$90.0"},{"v":998.128125,"d":"$998"}]
[{"$f":"IF(I114<>\"\",1+MAX($A$6:A113),\"\")","v":43},"A2.1B","A2.1B, A8.2, A5.0",null,"Acoustic Sealant",{"$f":"F110*4","v":{"v":123.44,"d":"123"}},{"v":0.1,"d":"10%"},{"$f":"F114*(1+G114)","v":{"v":135.78400000000002,"d":"136"}},"LF",{"v":3.35,"d":"$3.4"},{"v":454.8764000000001,"d":"$454.88"},{"v":1.6500000000000001,"d":"$1.65"},{"v":224.04360000000005,"d":"$224.04"},{"v":5,"d":"$5.0"},{"v":678.9200000000001,"d":"$679"}]
[{"$f":"IF(I115<>\"\",1+MAX($A$6:A114),\"\")","v":""}]
[{"$f":"IF(I116<>\"\",1+MAX($A$6:A115),\"\")","v":""},{"$nulls":3},"INTERIOR WALLS - (2\"X6\")",{"v":24.4,"d":"24"},{"v":9.25,"d":"9"}]
[{"$f":"IF(I117<>\"\",1+MAX($A$6:A116),\"\")","v":""}]
[{"$f":"IF(I118<>\"\",1+MAX($A$6:A117),\"\")","v":44},"A2.1B","A2.1B, A8.2, A5.0",null,"5/8\" Type X Gypsum Wall Board - (4'X8' ea.) - Both Side",{"$f":"F116*G116*2/32","v":{"v":14.10625,"d":"14"}},{"v":0,"d":"0%"},{"$f":"F118*(1+G118)","v":{"v":14.10625,"d":"14"}},"EA",{"v":62,"d":"$62.0"},{"$f":"J118*H118","v":{"v":874.5875,"d":"$874.59"}},{"v":14,"d":"$14.00"},{"$f":"L118*H118","v":{"v":197.48749999999998,"d":"$197.49"}},{"v":76,"d":"$76.0"},{"$f":"N118*H118","v":{"v":1072.075,"d":"$1,072"}}]
[{"$f":"IF(I119<>\"\",1+MAX($A$6:A118),\"\")","v":45},"A2.1B","A2.1B, A8.2, A5.0",null,"Acoustic Sealant",{"$f":"F116*4","v":{"v":97.6,"d":"98"}},{"v":0.1,"d":"10%"},{"$f":"F119*(1+G119)","v":{"v":107.36,"d":"107"}},"LF",{"v":3.35,"d":"$3.4"},{"v":359.656,"d":"$359.66"},{"v":1.6500000000000001,"d":"$1.65"},{"v":177.144,"d":"$177.14"},{"v":5,"d":"$5.0"},{"v":536.8,"d":"$537"}]
[{"$f":"IF(I120<>\"\",1+MAX($A$6:A119),\"\")","v":""}]
[{"$f":"IF(I121<>\"\",1+MAX($A$6:A120),\"\")","v":""},{"$nulls":3},"INTERIOR WALLS - (2\"X6\") - ONE SIDE WEATHER RESISTANT",{"v":12.25,"d":"12"},{"v":9.25,"d":"9"}]
[{"$f":"IF(I122<>\"\",1+MAX($A$6:A121),\"\")","v":""}]
[{"$f":"IF(I123<>\"\",1+MAX($A$6:A122),\"\")","v":46},"A2.1B","A2.1B, A8.2, A5.0",null,"5/8\" Type X Gypsum Wall Board - (4'X8' ea.) - One Side",{"$f":"F121*G121*1/32","v":{"v":3.541015625,"d":"4"}},{"v":0,"d":"0%"},{"$f":"F123*(1+G123)","v":{"v":3.541015625,"d":"4"}},"EA",{"v":62,"d":"$62.0"},{"$f":"J123*H123","v":{"v":219.54296875,"d":"$219.54"}},{"v":14,"d":"$14.00"},{"$f":"L123*H123","v":{"v":49.57421875,"d":"$49.57"}},{"v":76,"d":"$76.0"},{"$f":"N123*H123","v":{"v":269.1171875,"d":"$269"}}]
[{"$f":"IF(I124<>\"\",1+MAX($A$6:A123),\"\")","v":47},"A2.1B","A2.1B, A8.2, A5.0",null,"5/8\" Cement Board Or Tile Backer Board - (4'X8' ea.) - One Side",{"$f":"F121*G121/32","v":{"v":3.541015625,"d":"4"}},{"v":0,"d":"0%"},{"$f":"F124*(1+G124)","v":{"v":3.541015625,"d":"4"}},"EA",{"v":70,"d":"$70.0"},{"v":247.87109375,"d":"$247.87"},{"v":20,"d":"$20.00"},{"v":70.8203125,"d":"$70.82"},{"v":90,"d":"$90.0"},{"v":318.69140625,"d":"$319"}]
[{"$f":"IF(I125<>\"\",1+MAX($A$6:A124),\"\")","v":48},"A2.1B","A2.1B, A8.2, A5.0",null,"Acoustic Sealant",{"$f":"F121*4","v":49},{"v":0.1,"d":"10%"},{"$f":"F125*(1+G125)","v":{"v":53.900000000000006,"d":"54"}},"LF",{"v":3.35,"d":"$3.4"},{"v":180.56500000000003,"d":"$180.57"},{"v":1.6500000000000001,"d":"$1.65"},{"v":88.93500000000002,"d":"$88.94"},{"v":5,"d":"$5.0"},{"v":269.5,"d":"$270"}]
[{"$f":"IF(I126<>\"\",1+MAX($A$6:A125),\"\")","v":""}]
[{"$f":"IF(I127<>\"\",1+MAX($A$6:A126),\"\")","v":""},{"$nulls":3},"INTERIOR WALLS - (2\"X6\")",{"v":5.38,"d":"5"},{"v":11.5,"d":"12"}]
[{"$f":"IF(I128<>\"\",1+MAX($A$6:A127),\"\")","v":""}]
[{"$f":"IF(I129<>\"\",1+MAX($A$6:A128),\"\")","v":49},"A2.1B","A2.1B, A8.2, A5.0",null,"5/8\" Type X Gypsum Wall Board - (4'X8' ea.) - Both Side",{"$f":"F127*G127*2/32","v":{"v":3.866875,"d":"4"}},{"v":0,"d":"0%"},{"$f":"F129*(1+G129)","v":{"v":3.866875,"d":"4"}},"EA",{"v":62,"d":"$62.0"},{"$f":"J129*H129","v":{"v":239.74625,"d":"$239.75"}},{"v":14,"d":"$14.00"},{"$f":"L129*H129","v":{"v":54.13625,"d":"$54.14"}},{"v":76,"d":"$76.0"},{"$f":"N129*H129","v":{"v":293.8825,"d":"$294"}}]
[{"$f":"IF(I130<>\"\",1+MAX($A$6:A129),\"\")","v":50},"A2.1B","A2.1B, A8.2, A5.0",null,"Acoustic Sealant",{"$f":"F127*4","v":{"v":21.52,"d":"22"}},{"v":0.1,"d":"10%"},{"$f":"F130*(1+G130)","v":{"v":23.672,"d":"24"}},"LF",{"v":3.35,"d":"$3.4"},{"v":79.30120000000001,"d":"$79.30"},{"v":1.6500000000000001,"d":"$1.65"},{"v":39.058800000000005,"d":"$39.06"},{"v":5,"d":"$5.0"},{"v":118.36,"d":"$118"}]
[{"$f":"IF(I131<>\"\",1+MAX($A$6:A130),\"\")","v":""}]
[{"$f":"IF(I132<>\"\",1+MAX($A$6:A131),\"\")","v":""},{"$nulls":3},"INTERIOR WALLS - (2\"X6\") - ONE SIDE WEATHER RESISTANT",{"v":7.87,"d":"8"},{"v":11.5,"d":"12"}]
[{"$f":"IF(I133<>\"\",1+MAX($A$6:A132),\"\")","v":""}]
[{"$f":"IF(I134<>\"\",1+MAX($A$6:A133),\"\")","v":51},"A2.1B","A2.1B, A8.2, A5.0",null,"5/8\" Type X Gypsum Wall Board - (4'X8' ea.) - One Side",{"$f":"F132*G132*1/32","v":{"v":2.82828125,"d":"3"}},{"v":0,"d":"0%"},{"$f":"F134*(1+G134)","v":{"v":2.82828125,"d":"3"}},"EA",{"v":62,"d":"$62.0"},{"$f":"J134*H134","v":{"v":175.35343749999998,"d":"$175.35"}},{"v":14,"d":"$14.00"},{"$f":"L134*H134","v":{"v":39.5959375,"d":"$39.60"}},{"v":76,"d":"$76.0"},{"$f":"N134*H134","v":{"v":214.94937499999997,"d":"$215"}}]
[{"$f":"IF(I135<>\"\",1+MAX($A$6:A134),\"\")","v":52},"A2.1B","A2.1B, A8.2, A5.0",null,"5/8\" Cement Board Or Tile Backer Board - (4'X8' ea.) - One Side",{"$f":"F132*G132/32","v":{"v":2.82828125,"d":"3"}},{"v":0,"d":"0%"},{"$f":"F135*(1+G135)","v":{"v":2.82828125,"d":"3"}},"EA",{"v":70,"d":"$70.0"},{"v":197.97968749999998,"d":"$197.98"},{"v":20,"d":"$20.00"},{"v":56.565625,"d":"$56.57"},{"v":90,"d":"$90.0"},{"v":254.5453125,"d":"$255"}]
[{"$f":"IF(I136<>\"\",1+MAX($A$6:A135),\"\")","v":53},"A2.1B","A2.1B, A8.2, A5.0",null,"Acoustic Sealant",{"$f":"F132*4","v":{"v":31.48,"d":"31"}},{"v":0.1,"d":"10%"},{"$f":"F136*(1+G136)","v":{"v":34.628,"d":"35"}},"LF",{"v":3.35,"d":"$3.4"},{"v":116.0038,"d":"$116.00"},{"v":1.6500000000000001,"d":"$1.65"},{"v":57.1362,"d":"$57.14"},{"v":5,"d":"$5.0"},{"v":173.14,"d":"$173"}]
[{"$f":"IF(I137<>\"\",1+MAX($A$6:A136),\"\")","v":""}]
[{"$f":"IF(I138<>\"\",1+MAX($A$6:A137),\"\")","v":""},{"$nulls":3},"INTERIOR WALLS - (2\"X4\") - 1 HOUR RATED ",{"v":12.49,"d":"12"},{"v":9.25,"d":"9"}]
[{"$f":"IF(I139<>\"\",1+MAX($A$6:A138),\"\")","v":""}]
[{"$f":"IF(I140<>\"\",1+MAX($A$6:A139),\"\")","v":54},"A2.1B","A2.1B, A8.2, A5.0",null,"5/8\" Type X Gypsum Wall Board - (4'X8' ea.) - Fire Rated",{"$f":"F138*G138*2/32","v":{"v":7.22078125,"d":"7"}},{"v":0,"d":"0%"},{"$f":"F140*(1+G140)","v":{"v":7.22078125,"d":"7"}},"EA",{"v":62,"d":"$62.0"},{"$f":"J140*H140","v":{"v":447.6884375,"d":"$447.69"}},{"v":16,"d":"$16.00"},{"$f":"L140*H140","v":{"v":115.5325,"d":"$115.53"}},{"v":78,"d":"$78.0"},{"$f":"N140*H140","v":{"v":563.2209375,"d":"$563"}}]
[{"$f":"IF(I141<>\"\",1+MAX($A$6:A140),\"\")","v":55},"A2.1B","A2.1B, A8.2, A5.0",null,"Acoustic Sealant - Fire Rated",{"$f":"F138*4","v":{"v":49.96,"d":"50"}},{"v":0.1,"d":"10%"},{"$f":"F141*(1+G141)","v":{"v":54.956,"d":"55"}},"LF",{"v":4.0200000000000005,"d":"$4.0"},{"v":220.92312000000004,"d":"$220.92"},{"v":1.98,"d":"$1.98"},{"v":108.81288,"d":"$108.81"},{"v":6,"d":"$6.0"},{"v":329.736,"d":"$330"}]
[{"$f":"IF(I142<>\"\",1+MAX($A$6:A141),\"\")","v":""}]
[{"$f":"IF(I143<>\"\",1+MAX($A$6:A142),\"\")","v":""},{"$nulls":3},"INTERIOR WALLS - (2\"X6\") - 1 HOUR RATED ",{"v":28.55,"d":"29"},{"v":9.25,"d":"9"}]
[{"$f":"IF(I144<>\"\",1+MAX($A$6:A143),\"\")","v":""}]
[{"$f":"IF(I145<>\"\",1+MAX($A$6:A144),\"\")","v":56},"A2.1B","A2.1B, A8.2, A5.0",null,"5/8\" Type X Gypsum Wall Board - (4'X8' ea.) - Fire Rated",{"$f":"F143*G143*2/32","v":{"v":16.505468750000002,"d":"17"}},{"v":0,"d":"0%"},{"$f":"F145*(1+G145)","v":{"v":16.505468750000002,"d":"17"}},"EA",{"v":62,"d":"$62.0"},{"$f":"J145*H145","v":{"v":1023.3390625000002,"d":"$1,023.34"}},{"v":16,"d":"$16.00"},{"$f":"L145*H145","v":{"v":264.08750000000003,"d":"$264.09"}},{"v":78,"d":"$78.0"},{"$f":"N145*H145","v":{"v":1287.4265625000003,"d":"$1,287"}}]
[{"$f":"IF(I146<>\"\",1+MAX($A$6:A145),\"\")","v":57},"A2.1B","A2.1B, A8.2, A5.0",null,"R-13 Batt Insulation",{"$f":"F143*G143","v":{"v":264.08750000000003,"d":"264"}},{"v":0.1,"d":"10%"},{"$f":"F146*(1+G146)","v":{"v":290.4962500000001,"d":"290"}},"SF",{"v":0.744,"d":"$0.7"},{"v":216.12921000000006,"d":"$216.13"},{"v":0.45599999999999996,"d":"$0.46"},{"v":132.46629000000001,"d":"$132.47"},{"v":1.2,"d":"$1.20"},{"v":348.5955000000001,"d":"$349"}]
[{"$f":"IF(I147<>\"\",1+MAX($A$6:A146),\"\")","v":58},"A2.1B","A2.1B, A8.2, A5.0",null,"Acoustic Sealant - Fire Rated",{"$f":"F143*4","v":{"v":114.2,"d":"114"}},{"v":0.1,"d":"10%"},{"v":125.62000000000002,"d":"126"},"LF",{"v":4.0200000000000005,"d":"$4.0"},{"v":504.99240000000015,"d":"$504.99"},{"v":1.98,"d":"$1.98"},{"v":248.72760000000002,"d":"$248.73"},{"v":6,"d":"$6.0"},{"v":753.7200000000001,"d":"$754"}]
[{"$f":"IF(I148<>\"\",1+MAX($A$6:A147),\"\")","v":""}]
[{"$f":"IF(I149<>\"\",1+MAX($A$6:A148),\"\")","v":""},{"$nulls":3},"INTERIOR WALLS - (2\"X6\") - 1 HOUR RATED - ONE SIDE WEATHER RESISTANT",{"v":5.75,"d":"6"},{"v":9.25,"d":"9"}]
[{"$f":"IF(I150<>\"\",1+MAX($A$6:A149),\"\")","v":""}]
[{"$f":"IF(I151<>\"\",1+MAX($A$6:A150),\"\")","v":59},"A2.1B","A2.1B, A8.2, A5.0",null,"5/8\" Type X Gypsum Wall Board - (4'X8' ea.) - Fire Rated",{"$f":"F149*G149/32","v":{"v":1.662109375,"d":"2"}},{"v":0,"d":"0%"},{"$f":"F151*(1+G151)","v":{"v":1.662109375,"d":"2"}},"EA",{"v":62,"d":"$62.0"},{"$f":"J151*H151","v":{"v":103.05078125,"d":"$103.05"}},{"v":16,"d":"$16.00"},{"$f":"L151*H151","v":{"v":26.59375,"d":"$26.59"}},{"v":78,"d":"$78.0"},{"$f":"N151*H151","v":{"v":129.64453125,"d":"$130"}}]
[{"$f":"IF(I152<>\"\",1+MAX($A$6:A151),\"\")","v":60},"A2.1B","A2.1B, A8.2, A5.0",null,"5/8\" Cement Board Or Tile Backer Board - (4'X8' ea.) - Fire Rated",{"$f":"F149*G149/32","v":{"v":1.662109375,"d":"2"}},{"v":0,"d":"0%"},{"$f":"F152*(1+G152)","v":{"v":1.662109375,"d":"2"}},"EA",{"v":70,"d":"$70.0"},{"v":116.34765625,"d":"$116.35"},{"v":22,"d":"$22.00"},{"v":36.56640625,"d":"$36.57"},{"v":92,"d":"$92.0"},{"v":152.9140625,"d":"$153"}]
[{"$f":"IF(I153<>\"\",1+MAX($A$6:A152),\"\")","v":61},"A2.1B","A2.1B, A8.2, A5.0",null,"15/32\" Structural 1 Plywood Sheathing - (4'X8' ea.)",{"$f":"F149*G149/32","v":{"v":1.662109375,"d":"2"}},{"v":0,"d":"0%"},{"$f":"F153*(1+G153)","v":{"v":1.662109375,"d":"2"}},"EA",{"v":90,"d":"$90.0"},{"v":149.58984375,"d":"$149.59"},{"v":26,"d":"$26.00"},{"v":43.21484375,"d":"$43.21"},{"v":116,"d":"$116.0"},{"$f":"N153*H153","v":{"v":192.8046875,"d":"$193"}}]
[{"$f":"IF(I154<>\"\",1+MAX($A$6:A153),\"\")","v":62},"A2.1B","A2.1B, A8.2, A5.0",null,"Acoustic Sealant - Fire Rated",{"$f":"F149*4","v":23},{"v":0.1,"d":"10%"},{"$f":"F154*(1+G154)","v":{"v":25.3,"d":"25"}},"LF",{"v":4.0200000000000005,"d":"$4.0"},{"v":101.70600000000002,"d":"$101.71"},{"v":1.98,"d":"$1.98"},{"v":50.094,"d":"$50.09"},{"v":6,"d":"$6.0"},{"v":151.8,"d":"$152"}]
[{"$f":"IF(I155<>\"\",1+MAX($A$6:A154),\"\")","v":""}]
[{"$f":"IF(I156<>\"\",1+MAX($A$6:A155),\"\")","v":""},{"$nulls":3},"INTERIOR WALLS - (2\"X6\") - 1 HOUR RATED ",{"v":32.84,"d":"33"},{"v":11.6,"d":"12"}]
[{"$f":"IF(I157<>\"\",1+MAX($A$6:A156),\"\")","v":""}]
[{"$f":"IF(I158<>\"\",1+MAX($A$6:A157),\"\")","v":63},"A2.1B","A2.1B, A8.2, A5.0",null,"5/8\" Type X Gypsum Wall Board - (4'X8' ea.) - Fire Rated",{"$f":"F156*G156*2/32","v":{"v":23.809,"d":"24"}},{"v":0,"d":"0%"},{"$f":"F158*(1+G158)","v":{"v":23.809,"d":"24"}},"EA",{"v":62,"d":"$62.0"},{"$f":"J158*H158","v":{"v":1476.1580000000001,"d":"$1,476.16"}},{"v":16,"d":"$16.00"},{"$f":"L158*H158","v":{"v":380.944,"d":"$380.94"}},{"v":78,"d":"$78.0"},{"$f":"N158*H158","v":{"v":1857.102,"d":"$1,857"}}]
[{"$f":"IF(I159<>\"\",1+MAX($A$6:A158),\"\")","v":64},"A2.1B","A2.1B, A8.2, A5.0",null,"Acoustic Sealant - Fire Rated",{"$f":"F156*4","v":{"v":131.36,"d":"131"}},{"v":0.1,"d":"10%"},{"$f":"F159*(1+G159)","v":{"v":144.49600000000004,"d":"144"}},"LF",{"v":4.0200000000000005,"d":"$4.0"},{"v":580.8739200000002,"d":"$580.87"},{"v":1.98,"d":"$1.98"},{"v":286.10208000000006,"d":"$286.10"},{"v":6,"d":"$6.0"},{"v":866.9760000000002,"d":"$867"}]
[{"$f":"IF(I160<>\"\",1+MAX($A$6:A159),\"\")","v":""}]
[{"$f":"IF(I161<>\"\",1+MAX($A$6:A160),\"\")","v":""},{"$nulls":3},"CEILING"]
[{"$f":"IF(I162<>\"\",1+MAX($A$6:A161),\"\")","v":65},"A2.3B","A2.3B",null,"5/8\" Moisture Resistant Type \"X\" Gypsum Board Ceiling",{"$f":"108.21/32","v":{"v":3.3815625,"d":"3"}},{"v":0,"d":"0%"},{"$f":"F162*(1+G162)","v":{"v":3.3815625,"d":"3"}},"EA",{"v":62,"d":"$62.0"},{"$f":"J162*H162","v":{"v":209.65687499999999,"d":"$209.66"}},{"v":16,"d":"$16.00"},{"$f":"L162*H162","v":{"v":54.105,"d":"$54.11"}},{"v":78,"d":"$78.0"},{"$f":"N162*H162","v":{"v":263.761875,"d":"$264"}}]
[{"$f":"IF(I163<>\"\",1+MAX($A$6:A162),\"\")","v":66},"A2.3B","A2.3B",null,"5/8\" Type \"X\" Gypsum Board Ceiling",{"$f":"1040.03/32","v":{"v":32.5009375,"d":"33"}},{"v":0,"d":"0%"},{"$f":"F163*(1+G163)","v":{"v":32.5009375,"d":"33"}},"EA",{"v":62,"d":"$62.0"},{"v":2015.058125,"d":"$2,015.06"},{"v":14,"d":"$14.00"},{"v":455.013125,"d":"$455.01"},{"v":76,"d":"$76.0"},{"v":2470.07125,"d":"$2,470"}]
[{"$f":"IF(I164<>\"\",1+MAX($A$6:A163),\"\")","v":67},"A2.3B","A2.3B",null,"5/8\" Type \"X\" Gypsum Board Ceiling @ Underside Of Stairs",{"$f":"77.79/32","v":{"v":2.4309375,"d":"2"}},{"v":0,"d":"0%"},{"$f":"F164*(1+G164)","v":{"v":2.4309375,"d":"2"}},"EA",{"v":62,"d":"$62.0"},{"v":150.71812500000001,"d":"$150.72"},{"v":14,"d":"$14.00"},{"v":34.033125000000005,"d":"$34.03"},{"v":76,"d":"$76.0"},{"v":184.75125000000003,"d":"$185"}]
[{"$f":"IF(I165<>\"\",1+MAX($A$6:A164),\"\")","v":68},"A2.3B","A2.3B",null,"5/8\" Type \"X\" Gypsum Board Ceiling @ Garage",{"$f":"431.1/32","v":{"v":13.471875,"d":"13"}},{"v":0,"d":"0%"},{"$f":"F165*(1+G165)","v":{"v":13.471875,"d":"13"}},"EA",{"v":62,"d":"$62.0"},{"v":835.25625,"d":"$835.26"},{"v":14,"d":"$14.00"},{"v":188.60625000000002,"d":"$188.61"},{"v":76,"d":"$76.0"},{"v":1023.8625000000001,"d":"$1,024"}]
[{"$f":"IF(I166<>\"\",1+MAX($A$6:A165),\"\")","v":69},"A2.3B","A2.3B",null,"5/8\" Moisture Resistant Type \"X\" Gypsum Board Vaulted Ceiling w/ Slop: 2:12",{"$f":"61.8*1.014/32","v":{"v":1.9582875,"d":"2"}},{"v":0,"d":"0%"},{"$f":"F166*(1+G166)","v":{"v":1.9582875,"d":"2"}},"EA",{"v":62,"d":"$62.0"},{"v":121.413825,"d":"$121.41"},{"v":16,"d":"$16.00"},{"v":31.3326,"d":"$31.33"},{"v":78,"d":"$78.0"},{"v":152.746425,"d":"$153"}]
[{"$f":"IF(I167<>\"\",1+MAX($A$6:A166),\"\")","v":70},"A2.3B","A2.3B",null,"5/8\" Type \"X\" Gypsum Board Vaulted Ceiling w/ Slop: 1 1/2:12",{"$f":"258.23*1.01/32","v":{"v":8.150384375,"d":"8"}},{"v":0,"d":"0%"},{"$f":"F167*(1+G167)","v":{"v":8.150384375,"d":"8"}},"EA",{"v":62,"d":"$62.0"},{"v":505.32383125,"d":"$505.32"},{"v":14,"d":"$14.00"},{"v":114.10538125,"d":"$114.11"},{"v":76,"d":"$76.0"},{"v":619.4292125,"d":"$619"}]
[{"$f":"IF(I168<>\"\",1+MAX($A$6:A167),\"\")","v":71},"A2.3B","A2.3B",null,"5/8\" Type \"X\" Gypsum Board Vaulted Ceiling w/ Slop: 2:12",{"$f":"538.41*1.014/32","v":{"v":17.060866875,"d":"17"}},{"v":0,"d":"0%"},{"$f":"F168*(1+G168)","v":{"v":17.060866875,"d":"17"}},"EA",{"v":62,"d":"$62.0"},{"v":1057.77374625,"d":"$1,057.77"},{"v":14,"d":"$14.00"},{"v":238.85213624999997,"d":"$238.85"},{"v":76,"d":"$76.0"},{"v":1296.6258825,"d":"$1,297"}]
[{"$f":"IF(I169<>\"\",1+MAX($A$6:A168),\"\")","v":""}]
[{"$f":"IF(I170<>\"\",1+MAX($A$6:A169),\"\")","v":""},{"$nulls":3},"CEILING SOFFITS"]
[{"$f":"IF(I171<>\"\",1+MAX($A$6:A170),\"\")","v":72},"A2.3B","A2.3B",null,"5/8\" Type \"X\" Gypsum Board Ceiling Soffit - (4\" H)",{"$f":"56.23*0.33/32","v":{"v":0.579871875,"d":"1"}},{"v":0,"d":"0%"},{"$f":"F171*(1+G171)","v":{"v":0.579871875,"d":"0.6"}},"EA",{"v":62,"d":"$62.0"},{"$f":"J171*H171","v":{"v":35.952056250000005,"d":"$35.95"}},{"v":14,"d":"$14.00"},{"$f":"L171*H171","v":{"v":8.11820625,"d":"$8.12"}},{"v":76,"d":"$76.0"},{"$f":"N171*H171","v":{"v":44.070262500000005,"d":"$44"}}]
[{"$f":"IF(I172<>\"\",1+MAX($A$6:A171),\"\")","v":73},"A2.3B","A2.3B",null,"5/8\" Type \"X\" Gypsum Board Ceiling Soffit - (6\" H)",{"$f":"97.83*0.5/32","v":{"v":1.52859375,"d":"2"}},{"v":0,"d":"0%"},{"$f":"F172*(1+G172)","v":{"v":1.52859375,"d":"1.5"}},"EA",{"v":62,"d":"$62.0"},{"$f":"J172*H172","v":{"v":94.7728125,"d":"$94.77"}},{"v":14,"d":"$14.00"},{"$f":"L172*H172","v":{"v":21.4003125,"d":"$21.40"}},{"v":76,"d":"$76.0"},{"v":116.173125,"d":"$116"}]
[{"$f":"IF(I173<>\"\",1+MAX($A$6:A172),\"\")","v":""}]
[{"$f":"IF(I174<>\"\",1+MAX($A$6:A173),\"\")","v":""},{"$nulls":3},"2ND FLOOR"]
[{"$f":"IF(I175<>\"\",1+MAX($A$6:A174),\"\")","v":""}]
[{"$f":"IF(I176<>\"\",1+MAX($A$6:A175),\"\")","v":""},{"$nulls":3},"DRYWALLS"]
[{"$f":"IF(I177<>\"\",1+MAX($A$6:A176),\"\")","v":""}]
[{"$f":"IF(I178<>\"\",1+MAX($A$6:A177),\"\")","v":""},{"$nulls":3},"EXTERIOR WALLS - (2\"X6\")",{"v":67.91,"d":"68"},8]
[{"$f":"IF(I179<>\"\",1+MAX($A$6:A178),\"\")","v":""}]
[{"$f":"IF(I180<>\"\",1+MAX($A$6:A179),\"\")","v":74},"A2.1C","A2.1C, A8.2, A5.0",null,"5/8\" Type X Gypsum Wall Board - (4'X8' ea.) - One Side",{"$f":"F178*G178/32","v":{"v":16.9775,"d":"17"}},{"v":0,"d":"0%"},{"$f":"F180*(1+G180)","v":{"v":16.9775,"d":"17"}},"EA",{"v":62,"d":"$62.0"},{"$f":"J180*H180","v":{"v":1052.605,"d":"$1,052.61"}},{"v":14,"d":"$14.00"},{"$f":"L180*H180","v":{"v":237.685,"d":"$237.69"}},{"v":76,"d":"$76.0"},{"$f":"N180*H180","v":{"v":1290.29,"d":"$1,290"}}]
[{"$f":"IF(I181<>\"\",1+MAX($A$6:A180),\"\")","v":75},"A2.1C","A2.1C, A8.2, A5.0",null,"Acoustic Sealant",{"$f":"F178*2","v":{"v":135.82,"d":"136"}},{"v":0.1,"d":"10%"},{"v":149.40200000000002,"d":"149"},"LF",{"v":3.35,"d":"$3.4"},{"v":500.4967000000001,"d":"$500.50"},{"v":1.6500000000000001,"d":"$1.65"},{"v":246.51330000000004,"d":"$246.51"},{"v":5,"d":"$5.0"},{"v":747.0100000000001,"d":"$747"}]
[{"$f":"IF(I182<>\"\",1+MAX($A$6:A181),\"\")","v":""}]
[{"$f":"IF(I183<>\"\",1+MAX($A$6:A182),\"\")","v":""},{"$nulls":3},"EXTERIOR WALLS - (2\"X6\") - ONE SIDE MOISTURE RESISTANT",{"v":15.8,"d":"16"},8]
[{"$f":"IF(I184<>\"\",1+MAX($A$6:A183),\"\")","v":""}]
[{"$f":"IF(I185<>\"\",1+MAX($A$6:A184),\"\")","v":76},"A2.1C","A2.1C, A8.2, A5.0",null,"5/8\" Cement Board Or Tile Backer Board - (4'X8' ea.) - One Side",{"$f":"F183*G183/32","v":{"v":3.95,"d":"4"}},{"v":0,"d":"0%"},{"$f":"F185*(1+G185)","v":{"v":3.95,"d":"4"}},"EA",{"v":70,"d":"$70.0"},{"$f":"J185*H185","v":{"v":276.5,"d":"$276.50"}},{"v":20,"d":"$20.00"},{"$f":"L185*H185","v":{"v":79,"d":"$79.00"}},{"v":90,"d":"$90.0"},{"$f":"N185*H185","v":{"v":355.5,"d":"$356"}}]
[{"$f":"IF(I186<>\"\",1+MAX($A$6:A185),\"\")","v":77},"A2.1C","A2.1C, A8.2, A5.0",null,"Acoustic Sealant",{"$f":"F183*2","v":{"v":31.6,"d":"32"}},{"v":0.1,"d":"10%"},{"v":34.760000000000005,"d":"35"},"LF",{"v":3.35,"d":"$3.4"},{"v":116.44600000000003,"d":"$116.45"},{"v":1.6500000000000001,"d":"$1.65"},{"v":57.35400000000001,"d":"$57.35"},{"v":5,"d":"$5.0"},{"v":173.8,"d":"$174"}]
[{"$f":"IF(I187<>\"\",1+MAX($A$6:A186),\"\")","v":""}]
[{"$f":"IF(I188<>\"\",1+MAX($A$6:A187),\"\")","v":""},{"$nulls":3},"EXTERIOR WALLS - (2\"X6\")",{"v":62.95,"d":"63"},{"v":10.83,"d":"11"}]
[{"$f":"IF(I189<>\"\",1+MAX($A$6:A188),\"\")","v":""}]
[{"$f":"IF(I190<>\"\",1+MAX($A$6:A189),\"\")","v":78},"A2.1C","A2.1C, A8.2, A5.0",null,"5/8\" Type X Gypsum Wall Board - (4'X8' ea.)",{"$f":"F188*G188/32","v":{"v":21.304640625,"d":"21"}},{"v":0,"d":"0%"},{"$f":"F190*(1+G190)","v":{"v":21.304640625,"d":"21"}},"EA",{"v":62,"d":"$62.0"},{"$f":"J190*H190","v":{"v":1320.88771875,"d":"$1,320.89"}},{"v":14,"d":"$14.00"},{"$f":"L190*H190","v":{"v":298.26496875000004,"d":"$298.26"}},{"v":76,"d":"$76.0"},{"$f":"N190*H190","v":{"v":1619.1526875000002,"d":"$1,619"}}]
[{"$f":"IF(I191<>\"\",1+MAX($A$6:A190),\"\")","v":79},"A2.1C","A2.1C, A8.2, A5.0",null,"Acoustic Sealant",{"$f":"F188*2","v":{"v":125.9,"d":"126"}},{"v":0.1,"d":"10%"},{"v":138.49,"d":"138"},"LF",{"v":3.35,"d":"$3.4"},{"v":463.9415,"d":"$463.94"},{"v":1.6500000000000001,"d":"$1.65"},{"v":228.50850000000003,"d":"$228.51"},{"v":5,"d":"$5.0"},{"v":692.45,"d":"$692"}]
[{"$f":"IF(I192<>\"\",1+MAX($A$6:A191),\"\")","v":""}]
[{"$f":"IF(I193<>\"\",1+MAX($A$6:A192),\"\")","v":""},{"$nulls":3},"EXTERIOR WALLS - (2\"X6\") - ONE SIDE MOISTURE RESISTANT",{"v":8.77,"d":"9"},{"v":10.83,"d":"11"}]
[{"$f":"IF(I194<>\"\",1+MAX($A$6:A193),\"\")","v":""}]
[{"$f":"IF(I195<>\"\",1+MAX($A$6:A194),\"\")","v":80},"A2.1C","A2.1C, A8.2, A5.0",null,"5/8\" Cement Board Or Tile Backer Board - (4'X8' ea.) - One Side",{"$f":"F193*G193/32","v":{"v":2.968096875,"d":"3"}},{"v":0,"d":"0%"},{"$f":"F195*(1+G195)","v":{"v":2.968096875,"d":"3"}},"EA",{"v":70,"d":"$70.0"},{"$f":"J195*H195","v":{"v":207.76678125,"d":"$207.77"}},{"v":20,"d":"$20.00"},{"$f":"L195*H195","v":{"v":59.3619375,"d":"$59.36"}},{"v":90,"d":"$90.0"},{"$f":"N195*H195","v":{"v":267.12871875,"d":"$267"}}]
[{"$f":"IF(I196<>\"\",1+MAX($A$6:A195),\"\")","v":81},"A2.1C","A2.1C, A8.2, A5.0",null,"Acoustic Sealant",{"$f":"F193*2","v":{"v":17.54,"d":"18"}},{"v":0.1,"d":"10%"},{"v":19.294,"d":"19"},"LF",{"v":3.35,"d":"$3.4"},{"v":64.6349,"d":"$64.63"},{"v":1.6500000000000001,"d":"$1.65"},{"v":31.835100000000004,"d":"$31.84"},{"v":5,"d":"$5.0"},{"v":96.47,"d":"$96"}]
[{"$f":"IF(I197<>\"\",1+MAX($A$6:A196),\"\")","v":""}]
[{"$f":"IF(I198<>\"\",1+MAX($A$6:A197),\"\")","v":""},{"$nulls":3},"INTERIOR WALLS - (2\"X4\")",{"v":88.98,"d":"89"},8]
[{"$f":"IF(I199<>\"\",1+MAX($A$6:A198),\"\")","v":""}]
[{"$f":"IF(I200<>\"\",1+MAX($A$6:A199),\"\")","v":82},"A2.1C","A2.1C, A8.2, A5.0",null,"5/8\" Type X Gypsum Wall Board - (4'X8' ea.) - Both Side",{"$f":"F198*G198*2/32","v":{"v":44.49,"d":"44"}},{"v":0,"d":"0%"},{"$f":"F200*(1+G200)","v":{"v":44.49,"d":"44"}},"EA",{"v":62,"d":"$62.0"},{"$f":"J200*H200","v":{"v":2758.38,"d":"$2,758.38"}},{"v":14,"d":"$14.00"},{"$f":"L200*H200","v":{"v":622.86,"d":"$622.86"}},{"v":76,"d":"$76.0"},{"$f":"N200*H200","v":{"v":3381.2400000000002,"d":"$3,381"}}]
[{"$f":"IF(I201<>\"\",1+MAX($A$6:A200),\"\")","v":83},"A2.1C","A2.1C, A8.2, A5.0",null,"Acoustic Sealant",{"$f":"F198*4","v":{"v":355.92,"d":"356"}},{"v":0.1,"d":"10%"},{"$f":"F201*(1+G201)","v":{"v":391.51200000000006,"d":"392"}},"LF",{"v":3.35,"d":"$3.4"},{"v":1311.5652000000002,"d":"$1,311.57"},{"v":1.6500000000000001,"d":"$1.65"},{"v":645.9948000000002,"d":"$645.99"},{"v":5,"d":"$5.0"},{"v":1957.5600000000004,"d":"$1,958"}]
[{"$f":"IF(I202<>\"\",1+MAX($A$6:A201),\"\")","v":""}]
[{"$f":"IF(I203<>\"\",1+MAX($A$6:A202),\"\")","v":""},{"$nulls":3},"INTERIOR WALLS - (2\"X4\") - ONE SIDE WEATHER RESISTANT",{"v":39.44,"d":"39"},8]
[{"$f":"IF(I204<>\"\",1+MAX($A$6:A203),\"\")","v":""}]
[{"$f":"IF(I205<>\"\",1+MAX($A$6:A204),\"\")","v":84},"A2.1C","A2.1C, A8.2, A5.0",null,"5/8\" Type X Gypsum Wall Board - (4'X8' ea.) - One Side",{"$f":"F203*G203/32","v":{"v":9.86,"d":"10"}},{"v":0,"d":"0%"},{"$f":"F205*(1+G205)","v":{"v":9.86,"d":"10"}},"EA",{"v":62,"d":"$62.0"},{"$f":"J205*H205","v":{"v":611.3199999999999,"d":"$611.32"}},{"v":14,"d":"$14.00"},{"$f":"L205*H205","v":{"v":138.04,"d":"$138.04"}},{"v":76,"d":"$76.0"},{"$f":"N205*H205","v":{"v":749.3599999999999,"d":"$749"}}]
[{"$f":"IF(I206<>\"\",1+MAX($A$6:A205),\"\")","v":85},"A2.1C","A2.1C, A8.2, A5.0",null,"5/8\" Cement Board Or Tile Backer Board - (4'X8' ea.) - One Side",{"$f":"F203*G203/32","v":{"v":9.86,"d":"10"}},{"v":0,"d":"0%"},{"$f":"F206*(1+G206)","v":{"v":9.86,"d":"10"}},"EA",{"v":70,"d":"$70.0"},{"v":690.1999999999999,"d":"$690.20"},{"v":20,"d":"$20.00"},{"v":197.2,"d":"$197.20"},{"v":90,"d":"$90.0"},{"v":887.4,"d":"$887"}]
[{"$f":"IF(I207<>\"\",1+MAX($A$6:A206),\"\")","v":86},"A2.1C","A2.1C, A8.2, A5.0",null,"Acoustic Sealant",{"$f":"F203*4","v":{"v":157.76,"d":"158"}},{"v":0.1,"d":"10%"},{"$f":"F207*(1+G207)","v":{"v":173.536,"d":"174"}},"LF",{"v":3.35,"d":"$3.4"},{"v":581.3456,"d":"$581.35"},{"v":1.6500000000000001,"d":"$1.65"},{"v":286.3344,"d":"$286.33"},{"v":5,"d":"$5.0"},{"v":867.6800000000001,"d":"$868"}]
[{"$f":"IF(I208<>\"\",1+MAX($A$6:A207),\"\")","v":""}]
[{"$f":"IF(I209<>\"\",1+MAX($A$6:A208),\"\")","v":""},{"$nulls":3},"INTERIOR WALLS - (2\"X4\")",{"v":34.5,"d":"35"},{"v":10.83,"d":"11"}]
[{"$f":"IF(I210<>\"\",1+MAX($A$6:A209),\"\")","v":""}]
[{"$f":"IF(I211<>\"\",1+MAX($A$6:A210),\"\")","v":87},"A2.1C","A2.1C, A8.2, A5.0",null,"5/8\" Type X Gypsum Wall Board - (4'X8' ea.) - Both Side",{"$f":"F209*G209*2/32","v":{"v":23.3521875,"d":"23"}},{"v":0,"d":"0%"},{"$f":"F211*(1+G211)","v":{"v":23.3521875,"d":"23"}},"EA",{"v":62,"d":"$62.0"},{"$f":"J211*H211","v":{"v":1447.835625,"d":"$1,447.84"}},{"v":14,"d":"$14.00"},{"$f":"L211*H211","v":{"v":326.93062499999996,"d":"$326.93"}},{"v":76,"d":"$76.0"},{"$f":"N211*H211","v":{"v":1774.76625,"d":"$1,775"}}]
[{"$f":"IF(I212<>\"\",1+MAX($A$6:A211),\"\")","v":88},"A2.1C","A2.1C, A8.2, A5.0",null,"Acoustic Sealant",{"$f":"F209*4","v":138},{"v":0.1,"d":"10%"},{"$f":"F212*(1+G212)","v":{"v":151.8,"d":"152"}},"LF",{"v":3.35,"d":"$3.4"},{"v":508.53000000000003,"d":"$508.53"},{"v":1.6500000000000001,"d":"$1.65"},{"v":250.47000000000003,"d":"$250.47"},{"v":5,"d":"$5.0"},{"v":759,"d":"$759"}]
[{"$f":"IF(I213<>\"\",1+MAX($A$6:A212),\"\")","v":""}]
[{"$f":"IF(I214<>\"\",1+MAX($A$6:A213),\"\")","v":""},{"$nulls":3},"INTERIOR WALLS - (2\"X4\") - ONE SIDE WEATHER RESISTANT",{"v":23.94,"d":"24"},{"v":10.83,"d":"11"}]
[{"$f":"IF(I215<>\"\",1+MAX($A$6:A214),\"\")","v":""}]
[{"$f":"IF(I216<>\"\",1+MAX($A$6:A215),\"\")","v":89},"A2.1C","A2.1C, A8.2, A5.0",null,"5/8\" Type X Gypsum Wall Board - (4'X8' ea.) - One Side",{"$f":"F214*G214/32","v":{"v":8.10219375,"d":"8"}},{"v":0,"d":"0%"},{"$f":"F216*(1+G216)","v":{"v":8.10219375,"d":"8"}},"EA",{"v":62,"d":"$62.0"},{"$f":"J216*H216","v":{"v":502.3360125,"d":"$502.34"}},{"v":14,"d":"$14.00"},{"$f":"L216*H216","v":{"v":113.4307125,"d":"$113.43"}},{"v":76,"d":"$76.0"},{"$f":"N216*H216","v":{"v":615.766725,"d":"$616"}}]
[{"$f":"IF(I217<>\"\",1+MAX($A$6:A216),\"\")","v":90},"A2.1C","A2.1C, A8.2, A5.0",null,"5/8\" Cement Board Or Tile Backer Board - (4'X8' ea.) - One Side",{"$f":"F214*G214/32","v":{"v":8.10219375,"d":"8"}},{"v":0,"d":"0%"},{"$f":"F217*(1+G217)","v":{"v":8.10219375,"d":"8"}},"EA",{"v":70,"d":"$70.0"},{"v":567.1535625,"d":"$567.15"},{"v":20,"d":"$20.00"},{"v":162.04387499999999,"d":"$162.04"},{"v":90,"d":"$90.0"},{"v":729.1974375,"d":"$729"}]
[{"$f":"IF(I218<>\"\",1+MAX($A$6:A217),\"\")","v":91},"A2.1C","A2.1C, A8.2, A5.0",null,"Acoustic Sealant",{"$f":"F214*4","v":{"v":95.76,"d":"96"}},{"v":0.1,"d":"10%"},{"$f":"F218*(1+G218)","v":{"v":105.33600000000001,"d":"105"}},"LF",{"v":3.35,"d":"$3.4"},{"v":352.8756000000001,"d":"$352.88"},{"v":1.6500000000000001,"d":"$1.65"},{"v":173.80440000000004,"d":"$173.80"},{"v":5,"d":"$5.0"},{"v":526.6800000000001,"d":"$527"}]
[{"$f":"IF(I219<>\"\",1+MAX($A$6:A218),\"\")","v":""}]
[{"$f":"IF(I220<>\"\",1+MAX($A$6:A219),\"\")","v":""},{"$nulls":3},"INTERIOR WALLS - (2\"X4\") - BOTH SIDE WEATHER RESISTANT",{"v":8.29,"d":"8"},{"v":10.83,"d":"11"}]
[{"$f":"IF(I221<>\"\",1+MAX($A$6:A220),\"\")","v":""}]
[{"$f":"IF(I222<>\"\",1+MAX($A$6:A221),\"\")","v":92},"A2.1C","A2.1C, A8.2, A5.0",null,"5/8\" Cement Board Or Tile Backer Board - (4'X8' ea.) - Both Side",{"$f":"F220*G220*2/32","v":{"v":5.61129375,"d":"6"}},{"v":0,"d":"0%"},{"$f":"F222*(1+G222)","v":{"v":5.61129375,"d":"6"}},"EA",{"v":70,"d":"$70.0"},{"$f":"J222*H222","v":{"v":392.79056249999996,"d":"$392.79"}},{"v":20,"d":"$20.00"},{"$f":"L222*H222","v":{"v":112.225875,"d":"$112.23"}},{"v":90,"d":"$90.0"},{"$f":"N222*H222","v":{"v":505.0164375,"d":"$505"}}]
[{"$f":"IF(I223<>\"\",1+MAX($A$6:A222),\"\")","v":93},"A2.1C","A2.1C, A8.2, A5.0",null,"Acoustic Sealant",{"$f":"F220*4","v":{"v":33.16,"d":"33"}},{"v":0.1,"d":"10%"},{"$f":"F223*(1+G223)","v":{"v":36.476,"d":"36"}},"LF",{"v":3.35,"d":"$3.4"},{"v":122.1946,"d":"$122.19"},{"v":1.6500000000000001,"d":"$1.65"},{"v":60.1854,"d":"$60.19"},{"v":5,"d":"$5.0"},{"v":182.38,"d":"$182"}]
[{"$f":"IF(I224<>\"\",1+MAX($A$6:A223),\"\")","v":""}]
[{"$f":"IF(I225<>\"\",1+MAX($A$6:A224),\"\")","v":""},{"$nulls":3},"INTERIOR WALLS - (2\"X6\") - ONE SIDE WEATHER RESISTANT",{"v":6.22,"d":"6"},8]
[{"$f":"IF(I226<>\"\",1+MAX($A$6:A225),\"\")","v":""}]
[{"$f":"IF(I227<>\"\",1+MAX($A$6:A226),\"\")","v":94},"A2.1C","A2.1C, A8.2, A5.0",null,"5/8\" Type X Gypsum Wall Board - (4'X8' ea.) - One Side",{"$f":"F225*G225*1/32","v":{"v":1.555,"d":"2"}},{"v":0,"d":"0%"},{"$f":"F227*(1+G227)","v":{"v":1.555,"d":"2"}},"EA",{"v":62,"d":"$62.0"},{"$f":"J227*H227","v":{"v":96.41,"d":"$96.41"}},{"v":14,"d":"$14.00"},{"$f":"L227*H227","v":{"v":21.77,"d":"$21.77"}},{"v":76,"d":"$76.0"},{"$f":"N227*H227","v":{"v":118.17999999999999,"d":"$118"}}]
[{"$f":"IF(I228<>\"\",1+MAX($A$6:A227),\"\")","v":95},"A2.1C","A2.1C, A8.2, A5.0",null,"5/8\" Cement Board Or Tile Backer Board - (4'X8' ea.) - One Side",{"$f":"F225*G225/32","v":{"v":1.555,"d":"2"}},{"v":0,"d":"0%"},{"$f":"F228*(1+G228)","v":{"v":1.555,"d":"2"}},"EA",{"v":70,"d":"$70.0"},{"v":108.85,"d":"$108.85"},{"v":20,"d":"$20.00"},{"v":31.099999999999998,"d":"$31.10"},{"v":90,"d":"$90.0"},{"v":139.95,"d":"$140"}]
[{"$f":"IF(I229<>\"\",1+MAX($A$6:A228),\"\")","v":96},"A2.1C","A2.1C, A8.2, A5.0",null,"Acoustic Sealant",{"$f":"F225*4","v":{"v":24.88,"d":"25"}},{"v":0.1,"d":"10%"},{"$f":"F229*(1+G229)","v":{"v":27.368000000000002,"d":"27"}},"LF",{"v":3.35,"d":"$3.4"},{"v":91.68280000000001,"d":"$91.68"},{"v":1.6500000000000001,"d":"$1.65"},{"v":45.15720000000001,"d":"$45.16"},{"v":5,"d":"$5.0"},{"v":136.84,"d":"$137"}]
[{"$f":"IF(I230<>\"\",1+MAX($A$6:A229),\"\")","v":""}]
[{"$f":"IF(I231<>\"\",1+MAX($A$6:A230),\"\")","v":""},{"$nulls":3},"CEILING"]
[{"$f":"IF(I232<>\"\",1+MAX($A$6:A231),\"\")","v":97},"A2.3C","A2.3C",null,"5/8\" Moisture Resistant Type \"X\" Gypsum Board Ceiling",{"$f":"176.98/32","v":{"v":5.530625,"d":"6"}},{"v":0,"d":"0%"},{"$f":"F232*(1+G232)","v":{"v":5.530625,"d":"6"}},"EA",{"v":62,"d":"$62.0"},{"$f":"J232*H232","v":{"v":342.89875,"d":"$342.90"}},{"v":16,"d":"$16.00"},{"$f":"L232*H232","v":{"v":88.49,"d":"$88.49"}},{"v":78,"d":"$78.0"},{"$f":"N232*H232","v":{"v":431.38874999999996,"d":"$431"}}]
[{"$f":"IF(I233<>\"\",1+MAX($A$6:A232),\"\")","v":98},"A2.3C","A2.3C",null,"5/8\" Type \"X\" Gypsum Board Ceiling",{"$f":"531.99/32","v":{"v":16.6246875,"d":"17"}},{"v":0,"d":"0%"},{"$f":"F233*(1+G233)","v":{"v":16.6246875,"d":"17"}},"EA",{"v":62,"d":"$62.0"},{"$f":"J233*H233","v":{"v":1030.730625,"d":"$1,030.73"}},{"v":14,"d":"$14.00"},{"$f":"L233*H233","v":{"v":232.74562500000002,"d":"$232.75"}},{"v":76,"d":"$76.0"},{"v":1263.47625,"d":"$1,263"}]
[{"$f":"IF(I234<>\"\",1+MAX($A$6:A233),\"\")","v":99},"A2.3C","A2.3C",null,"5/8\" Type \"X\" Gypsum Board Vaulted Ceiling w/ Slop: 1 1/2:12",{"$f":"160.45*1.01/32","v":{"v":5.064203125,"d":"5"}},{"v":0,"d":"0%"},{"$f":"F234*(1+G234)","v":{"v":5.064203125,"d":"5"}},"EA",{"v":62,"d":"$62.0"},{"$f":"J234*H234","v":{"v":313.98059374999997,"d":"$313.98"}},{"v":14,"d":"$14.00"},{"$f":"L234*H234","v":{"v":70.89884375,"d":"$70.90"}},{"v":76,"d":"$76.0"},{"v":384.8794375,"d":"$385"}]
[{"$f":"IF(I235<>\"\",1+MAX($A$6:A234),\"\")","v":100},"A2.3C","A2.3C",null,"5/8\" Type \"X\" Gypsum Board Vaulted Ceiling w/ Slop: 2:12",{"$f":"442.99*1.014/32","v":{"v":14.037245625,"d":"14"}},{"v":0,"d":"0%"},{"$f":"F235*(1+G235)","v":{"v":14.037245625,"d":"14"}},"EA",{"v":62,"d":"$62.0"},{"$f":"J235*H235","v":{"v":870.30922875,"d":"$870.31"}},{"v":14,"d":"$14.00"},{"$f":"L235*H235","v":{"v":196.52143875000002,"d":"$196.52"}},{"v":76,"d":"$76.0"},{"v":1066.8306675000001,"d":"$1,067"}]
[{"$f":"IF(I236<>\"\",1+MAX($A$6:A235),\"\")","v":""}]
[{"$f":"IF(I237<>\"\",1+MAX($A$6:A236),\"\")","v":101},{"$nulls":3},"500' Tape Roll",{"$f":"678*24/500","v":{"v":32.544,"d":"33"}},{"v":0,"d":"0%"},{"$f":"F237*(1+G237)","v":{"v":32.544,"d":"33"}},"Rolls",0,{"$f":"J237*H237","v":0},{"v":10,"d":"$10.00"},{"$f":"L237*H237","v":{"v":325.43999999999994,"d":"$325.44"}},{"v":10,"d":"$10.00"},{"$f":"N237*H237","v":{"v":325.43999999999994,"d":"$325"}}]
[{"$f":"IF(I238<>\"\",1+MAX($A$6:A237),\"\")","v":102},{"$nulls":3},"Mudding",{"$f":"678*32/200","v":{"v":108.48,"d":"108"}},{"v":0.1,"d":"10%"},{"v":119.32800000000002,"d":"119"},"Gallons",0,0,{"v":7,"d":"$7.00"},{"$f":"L238*H238","v":{"v":835.2960000000002,"d":"$835.30"}},{"v":7,"d":"$7.00"},{"v":835.2960000000002,"d":"$835"}]
[{"$f":"IF(I239<>\"\",1+MAX($A$6:A238),\"\")","v":103},{"$nulls":3},"Screws",{"$f":"21696*5.25/1000","v":{"v":113.904,"d":"114"}},{"v":0.1,"d":"10%"},{"v":125.29440000000001,"d":"125"},"LBS",0,0,{"v":10,"d":"$10.00"},{"$f":"L239*H239","v":{"v":1252.9440000000002,"d":"$1,252.94"}},{"v":10,"d":"$10.00"},{"v":1252.9440000000002,"d":"$1,253"}]
[{"$f":"IF(I240<>\"\",1+MAX($A$1:A235),\"\")","v":""}]
["SUB TOTAL",{"$nulls":13},{"$f":"SUM(O8:O240)","v":{"v":84856.72043124998,"d":"$84,857"}},{"$f":"SUM(P7:P240)","v":{"v":84856.72043124998,"d":"$84,857"}}]
["OVERHEAD & PROFIT (25%)",{"$nulls":12},{"v":0.25,"d":"25%"},{"$f":"N242*O241","v":{"v":21214.180107812495,"d":"$21,214"}},{"$f":"N242*P241","v":{"v":21214.180107812495,"d":"$21,214"}}]
["TOTAL BID",{"$nulls":13},{"$f":"SUM(O241:O242)","v":{"v":106070.90053906248,"d":"$106,071"}},{"$f":"SUM(P241:P242)","v":{"v":106070.90053906248,"d":"$106,071"}}]